Reisdagboek : Regio's van Barcelona : unieke voorstellen en overgetelijke ervaringen Regio's van Barcelona : unieke voorstellen en overgetelijke ervaringen
Descripción Física:
27 p. : il. col. ; 24 cm
Idioma:
Dutch
MARC
| LEADER | 00000nam a2200000 a 4500 | ||
|---|---|---|---|
| 008 | 220426b spa||||| |||| 00| 0 dut d | ||
| 017 | |a DL B 28047-2019 | ||
| 080 | |a FU-68-11 | ||
| 245 | |a Reisdagboek : |b Regio's van Barcelona : unieke voorstellen en overgetelijke ervaringen | ||
| 260 | |a Barcelona : |b Ajuntament de Barcelona ; Diputació de Barcelona |c 2019 | ||
| 300 | |a 27 p. : |b il. col. ; |c 24 cm | ||
| 650 | 0 | |a Cultura i lleure |z Barcelona (Província) |9 52671 | |
| 710 | 1 | |a Barcelona (Catalunya : Província). |b Diputació |9 52408 | |
| 710 | 2 | |a Barcelona ist viel mehr |e marca turística |9 52850 | |
| 942 | |2 udc |c ARXIU |n 1 | ||
| 952 | |0 0 |1 0 |4 0 |6 FU6811 |7 1 |9 61382 |a Arxiu |b Arxiu |d 2022-04-26 |l 0 |o FU-68-11 |p 25306 |r 2022-04-26 00:00:00 |w 2022-04-26 |y ARXIU | ||
| 999 | |c 81336 |d 81336 | ||